000 01158nji a22002777a 4500
005 20100907145355.0
006 a|||||r|||||00| 0
007 sd ammalaaahaa
008 100830t xxu||||| |||| 00| 0 eng d
028 _aN 53808
_bHis Master's Voice
035 _aGR-00981
040 _aSED
_cSED
100 _917455
_aMangeshkar, Lata
245 _aSanjog /
_cby Lata Mangeshkar ; music by Madan Mohan ; lyrics by Rajendra Krishan
_h[sound recording] :
246 _aसंजोग / लता मंगेशकर द्वारा
260 _aDum Dum, India
_bHis Master's Voice
300 _a1 sound disc [Gramophone Recording]:
_banalog, 33 1/3 rpm
_c9.5 in. (MP)
_fGramophone Record
500 _aBrief Record
505 _aSide-1 चला है कहा (Chala hai kaha) (Lata Mangeshkar) --Side-2 वह भूली दास्ता (Vah bhuli dasta) (Lata Mangeshkar)
650 _aClassical music
_zIndia
_91186
_xExcerpts
700 _917416
_aMadan Mohan
700 _917456
_aKrishen, Rajinder
700 _918703
942 _2ddc
_cGR
999 _c44274
_d44274